000 00498nam a2200181Ia 4500
005 20250923150229.0
008 008 250917s9999 xx 000 0 eng d
037 _aTextual
040 _aDSWL
_beng
_cDSWL
041 _aeng
_2eng
084 _aYv, P5
_qDSWL
100 _aBrowne, Ken
_9843658
245 0 _aIntroduction to sociology
_cby Ken Browne
260 _aCrambridge
_bPolity Press USA
_c2005
300 _a422 p.
942 _cTEXL
_hYv, P5
999 _c1461057
_d1461057